Mastering audio : the art and the science (Record no. 82697)

MARC details
000 -LEADER
fixed length control field 00891nam a2200205 a 4500
008 - FIXED-LENGTH DATA ELEMENTS--GENERAL INFORMATION
fixed length control field 060316s2002 ||||||||||||||||| || u
020 ## - INTERNATIONAL STANDARD BOOK NUMBER
International Standard Book Number 0240805453
050 ## - LIBRARY OF CONGRESS CALL NUMBER
Classification number TK 7881.4 Kat
100 ## - MAIN ENTRY--PERSONAL NAME
Personal name Katz, Bob
245 10 - TITLE STATEMENT
Title Mastering audio : the art and the science
260 ## - PUBLICATION, DISTRIBUTION, ETC.
Place of publication, distribution, etc. Oxford
Name of publisher, distributor, etc. Focal Press
Date of publication, distribution, etc. 2002
300 ## - PHYSICAL DESCRIPTION
Extent 319 p. : ill.
350 ## -
-- 0.00
650 ## - SUBJECT ADDED ENTRY--TOPICAL TERM
Topical term or geographic name entry element SOUND - RECORDING AND REPRODUCING
650 ## - SUBJECT ADDED ENTRY--TOPICAL TERM
Topical term or geographic name entry element SOUND - RECORDING AND REPRODUCING - DIGITAL TECHNIQUES
700 ## - ADDED ENTRY--PERSONAL NAME
Personal name Katz, Robert A
856 ## - ELECTRONIC LOCATION AND ACCESS
Uniform Resource Identifier http://www.loc.gov/catdir/toc/els031/2003266240.html
995 ## -
-- MAIN LIBRARY OPEN ACCESS
-- 0.00
-- 735474
-- CBU-MAIN LIBRARY (Kitwe)
-- 1
-- 27.50
-- TK 7881.4 Kat
-- 1
-- AVAILABLE
-- 40472
-- Main Library Open Access Collection
995 ## -
-- MAIN LIBRARY OPEN ACCESS
-- 0.00
-- 735475
-- CBU-MAIN LIBRARY (Kitwe)
-- 2
-- 27.50
-- TK 7881.4 Kat
-- 2
-- AVAILABLE
-- 40474
-- Main Library Open Access Collection
999 ## -
-- 82697
-- 82697
Holdings
Withdrawn status Lost status Source of classification or shelving scheme Damaged status Not for loan Permanent Location Current Location Shelving location Date acquired Total Checkouts Full call number Barcode Date last seen Copy number Price effective from Koha item type Date last checked out
          CBU-MAIN LIBRARY, KITWE. CBU-MAIN LIBRARY, KITWE.   09/29/2023   TK 7881.4 Kat 40472 09/29/2023 1 09/29/2023 MONOGRAPH  
          CBU-MAIN LIBRARY, KITWE. CBU-MAIN LIBRARY, KITWE.   09/29/2023 1 TK 7881.4 Kat 40474 06/06/2025 2 09/29/2023 MONOGRAPH 05/22/2025